Country Flight Destinations - Belarus - Statistics

General Stats
  • This quiz has been taken 16 times
  • The average score is 6 of 13
Answer Stats
Answer % Correct
Russia
100%
China
64%
Kazakhstan
57%
Turkey
57%
United Arab Emirates
50%
Uzbekistan
50%
Turkmenistan
43%
Armenia
36%
Azerbaijan
36%
India
29%
Vietnam
29%
Georgia
21%
Israel
14%
No matching quizzes found
Score Distribution
Percent of People with Each Score
Percentile by Number Answered
Your Score History
You have not taken this quiz